Waris (Record no. 20646)
[ view plain ]
| 000 -LEADER | |
|---|---|
| fixed length control field | 01565ngm a2200361 4500 |
| 003 - CONTROL NUMBER IDENTIFIER | |
| control field | dpl |
| 005 - DATE AND TIME OF LATEST TRANSACTION | |
| control field | 20090106143156.0 |
| 007 - PHYSICAL DESCRIPTION FIXED FIELD--GENERAL INFORMATION | |
| fixed length control field | DVD |
| 008 - FIXED-LENGTH DATA ELEMENTS--GENERAL INFORMATION | |
| fixed length control field | ||||||sp199 xxu|||||c ||| 00| 0 ng d |
| 010 ## - LIBRARY OF CONGRESS CONTROL NUMBER | |
| LC control number | DVD-001907-1909 |
| 024 ## - OTHER STANDARD IDENTIFIER | |
| Standard number or code | VHIF 1352R |
| Terms of availability | 34.00 |
| 035 ## - SYSTEM CONTROL NUMBER | |
| System control number | DVD-001907-1909 |
| 040 ## - CATALOGING SOURCE | |
| Original cataloging agency | DPL |
| Transcribing agency | DPL |
| 082 ## - DEWEY DECIMAL CLASSIFICATION NUMBER | |
| Classification number | DVD / WARI |
| 245 ## - TITLE STATEMENT | |
| Title | Waris |
| Statement of responsibility, etc | Vasu Films Presents |
| Medium | [videorecording] DVD/ |
| 260 ## - PUBLICATION, DISTRIBUTION, ETC. (IMPRINT) | |
| Name of publisher, distributor, etc | Moserbaer Entertainment |
| 300 ## - PHYSICAL DESCRIPTION | |
| Extent | 2 videodisc VCD; |
| Other physical details | sd., col. ; |
| Dimensions | 4 3/4 in. |
| Type of unit | VCD |
| 440 ## - SERIES STATEMENT/ADDED ENTRY--TITLE | |
| Title | Moserbaer Home Entertainment |
| 500 ## - GENERAL NOTE | |
| General note | Moserbaer India Ltd. has obtained the necessary licence/conssent from the owner of the copyright in the wroks for making this DVD Film. |
| 538 ## - SYSTEM DETAILS NOTE | |
| System details note | Dolby Digital 5.1 - Hindi Subtitles: English |
| 650 ## - SUBJECT ADDED ENTRY--TOPICAL TERM | |
| Topical term or geographic name as entry element | Motion Picture |
| 700 ## - ADDED ENTRY--PERSONAL NAME | |
| Personal name | Ramanna |
| 700 ## - ADDED ENTRY--PERSONAL NAME | |
| Personal name | Burman, R. D. |
| 700 ## - ADDED ENTRY--PERSONAL NAME | |
| Personal name | Jitendra |
| 700 ## - ADDED ENTRY--PERSONAL NAME | |
| Personal name | Malini, Hema |
| 700 ## - ADDED ENTRY--PERSONAL NAME | |
| Personal name | Chopra, Prem |
| 700 ## - ADDED ENTRY--PERSONAL NAME | |
| Personal name | Mehmood |
| 942 ## - ADDED ENTRY ELEMENTS (KOHA) | |
| Koha item type | CD-ROMs, DVDs, VHS |
| Source of classification or shelving scheme | Dewey Decimal Classification |
| Classification part | VCD |
| Call number suffix | WARI |
| Withdrawn status | Lost status | Source of classification or shelving scheme | Damaged status | Not for loan | Home library | Current library | Date acquired | Source of acquisition | Cost, normal purchase price | Total Checkouts | Full call number | Barcode | Date last seen | Date checked out | Copy number | Cost, replacement price | Price effective from | Koha item type |
|---|---|---|---|---|---|---|---|---|---|---|---|---|---|---|---|---|---|---|
| Dewey Decimal Classification | Central Library | Central Library | 06/01/2009 | Purchase | 34.00 | 17 | VCD WARI | DVD-001907 | 30/06/2014 | 19/06/2014 | 1 | 34.00 | 06/01/2009 | CD-ROMs, DVDs, VHS | ||||
| Dewey Decimal Classification | Patel Nagar | Patel Nagar | 06/01/2009 | Purchase | 34.00 | 10 | VCD WARI | DVD-001909 | 09/02/2013 | 01/02/2013 | 1 | 34.00 | 06/01/2009 | CD-ROMs, DVDs, VHS | ||||
| Dewey Decimal Classification | Sarojini Nagar | Sarojini Nagar | 06/01/2009 | Purchase | 34.00 | 8 | VCD WARI | DVD-001908 | 13/06/2013 | 11/06/2013 | 1 | 34.00 | 06/01/2009 | CD-ROMs, DVDs, VHS |
